Normal view
MARC view
Entry Personal Name
001 - CONTROL NUMBER
- control field: 48899
003 - CONTROL NUMBER IDENTIFIER
- control field: ARRUPE
005 - DATE AND TIME OF LATEST TRANSACTION
- control field: 20191204114102.0
008 - FIXED-LENGTH DATA ELEMENTS
- fixed length control field: 191204|| aca||aabn | a|a d
040 ## - CATALOGING SOURCE
- Original cataloging agency: ARRUPE
- Transcribing agency: ARRUPE
100 ## - HEADING--PERSONAL NAME
- Personal name: Shakespeare, William,
- Dates associated with a name: 1564-1616
- General subdivision: Religion.
670 ## - SOURCE DATA FOUND
- Source citation: Work cat.: (ARRUPE)0: Mutschmann, Heinrich, 1885-1955. 48898, Shakespeare and Catholicism,, 1952.